[Event "Fredericia IM 2019"]
[Site "Fredericia"]
[Date "2019.05.31"]
[Round "4.2"]
[White "Fries Nielsen, Niels Jorgen"]
[Black "Brondt, Nicolai"]
[Result "1/2-1/2"]
[WhiteElo "2328"]
[BlackElo "2325"]
[Annotator "TA"]
[PlyCount "149"]
[EventDate "2019.05.29"]
[EventType "tourn"]
[EventCountry "DEN"]
[SourceTitle "playchess.com"]
[Source "ChessBase"]
[SourceQuality "1"]

{[%evp 9,149,-4,-5,0,-2,-13,-13,-12,-2,-4,-5,-8,0,0,-5,-2,-9,-5,-5,-13,-9,-10,-9,-9,-9,-11,-12,-20,-22,-29,-18,-28,-15,-36,-10,-16,0,-12,-5,-2,0,-4,0,-4,0,-8,0,-7,-7,-16,-9,-16,0,-10,-12,-14,-12,-33,-33,-37,0,-27,-27,-27,-27,-35,-27,-35,-35,-35,-27,-43,-35,-41,-35,-35,-33,-35,-35,-36,-27,-29,-20,-43,-24,-39,-38,-54,-50,-62,-62,-85,-83,-58,-58,-110,-110,-117,-97,-110,-110,-110,-110,-120,-32,-48,-33,-10,-3,-3,0,0,0,0,0,-1133,-1121,-1008,-979,-802,-751,-576,-572,-304,0,0,0,0,0,0,0,0,0,0,0,0,0,0,0,0,0,0]} 1. d4 Nf6 2. c3 d5 3. Nf3 Bf5 4. Nh4 (4. Bf4 e6 5. e3 Bd6 6. Bxd6 Qxd6 7. Nbd2 O-O 8. Be2 c5 9. O-O Nc6 10. a3 h6 11. b4 c4 12. a4 a6 13. Qc1 {½-½ (35) Smirnov,A (2549)-Vidit,S (2711) chess.com INT 2018}) 4... Bxb1 5. Rxb1 e6 6. Bg5 {D02: 1 d4 d5 2 Nf3 sidelines, including 2...Nf6 3 g3 and 2...Nf6 3 Bf4} c5 $146 ({Predecessor:} 6... Be7 7. Bxf6 Bxf6 8. Nf3 Nd7 9. e3 O-O 10. Bd3 c5 11. h4 cxd4 12. Bxh7+ Kxh7 {0-1 (43) Kleinschmidt,N (1669)-Blanck,H (1449) Tostedt 2015}) 7. dxc5 Bxc5 8. e3 h6 (8... Nbd7 {is more complex.} 9. Bd3 O-O 10. Nf3 Qc7 11. O-O h6) 9. Bxf6 Qxf6 10. Nf3 O-O 11. Be2 Nc6 12. O-O Rfd8 13. Qa4 Rac8 14. Rbd1 Bb6 15. Qh4 Qxh4 16. Nxh4 Na5 17. Nf3 Nc4 18. Bxc4 Rxc4 19. Rd3 Kf8 20. Rfd1 Ke7 21. Kf1 Rcc8 22. h3 Bc5 23. a3 g6 24. Ke2 a6 25. Nd4 Bb6 26. Nf3 Ba7 27. g3 b5 28. R3d2 Bc5 29. Nd4 Bb6 30. Nf3 f6 31. Nh4 g5 32. Nf3 h5 33. h4 g4 $1 {[%cal Rg4f3]} 34. Ne1 Bc7 35. Nc2 (35. a4 $5) 35... Be5 36. Nb4 a5 37. Nd3 Bd6 38. Ra1 Rc4 39. Ne1 Rb8 40. Rd4 Be5 41. Rd2 Kf7 42. Nc2 Kg6 43. Rf1 Rb6 44. Rg1 Bd6 45. Ra1 Be7 46. Rd4 Bc5 47. Rd2 b4 $36 {[%mdl 2048] Black has the initiative.} 48. cxb4 axb4 49. axb4 Bxb4 50. Nxb4 Rcxb4 $15 {[%mdl 4096] Endgame KRR-KRR} 51. Ra2 Kf5 52. Kd3 (52. Kf1 $1 $15) 52... Ke5 $17 53. Rc2 f5 54. Ke2 Ke4 55. Rd2 e5 56. Ra5 {[#]} d4 ({Of course not} 56... Rxb2 $6 57. Raxd5 Rxd2+ 58. Rxd2 $11) (56... R6b5 $1 $17 {[%cal Rb5a5]} 57. Rxb5 Rxb5) 57. exd4 $15 Rxd4 58. Rc2 f4 59. gxf4 exf4 {Hoping for ...f3+.} 60. Kf1 Rb3 {[#] ...Kf3 is the strong threat.} 61. Kg2 $1 Rh3 62. Rc1 $2 {[%mdl 8192]} (62. Re2+ $11 Kd3 63. Ree5 f3+ 64. Kg1) 62... f3+ $19 63. Kg1 g3 64. fxg3 Rxg3+ 65. Kh2 Rg2+ 66. Kh3 Rxb2 $2 (66... Kf4 $19 67. Rg5 Rg4) 67. Re1+ {The position is equal.} Re2 68. Rf1 Kf4 69. Ra8 Rdd2 {[%csl Gd2][%cal Re2h2]} 70. Rf8+ Ke4 71. Re8+ Kd4 72. Rd8+ Ke4 {( -> ...Rh2+)} 73. Re8+ Kf4 {[%csl Gd2][%cal Re2h2]} 74. Rf8+ Ke5 75. Re8+ {Accuracy: White = 50%, Black = 41%.} 1/2-1/2

[Event "Fredericia IM 2019"]
[Site "Fredericia"]
[Date "2019.05.31"]
[Round "4.3"]
[White "Devereaux, Maxim"]
[Black "Easwaralingam, Adesh"]
[Result "1/2-1/2"]
[WhiteElo "2342"]
[BlackElo "2123"]
[Annotator "TA"]
[PlyCount "53"]
[EventDate "2019.05.29"]
[EventType "tourn"]
[EventCountry "DEN"]
[SourceTitle "playchess.com"]
[Source "ChessBase"]
[SourceQuality "1"]

{[%evp 9,53,6,31,-4,-4,-9,-3,-9,-9,-7,-8,-6,-13,-189,-162,-187,-156,-140,-103,-174,-168,-264,-254,-276,-267,-347,-328,-411,-388,-407,-400,-368,-186,-187,-184,-189,-191,-167,0,0,0,-188,0,0,0,-175]} 1. d4 Nf6 2. Bf4 d5 3. e3 c5 4. c3 Nc6 5. Nf3 Qb6 6. Qc1 {D02: 1 d4 d5 2 Nf3 sidelines, including 2...Nf6 3 g3 and 2...Nf6 3 Bf4} (6. Qc2 g6 7. Nbd2 Bg7 8. h3 O-O 9. Be2 Nd7 10. O-O e5 11. dxe5 Ndxe5 12. Nxe5 Nxe5 13. e4 dxe4 14. Nxe4 {½-½ (23) Laznicka,V (2668)-Nisipeanu,L (2674) Germany 2019}) 6... cxd4 7. exd4 Bf5 8. Nbd2 h6 9. h3 Rc8 10. Be2 Nb4 $36 {[%mdl 2048] Black has the initiative.} 11. cxb4 $146 (11. O-O $11 {and White stays safe.}) ({Predecessor:} 11. O-O Bd3 12. Qd1 Qa6 13. Bxd3 Nxd3 14. Bg3 Nxb2 15. Qb3 Nc4 16. Rfb1 b6 17. a4 Na5 18. Re1 Nxb3 {0-1 (20) Toth,J (2208)-Lehmann,Z (2312) Hungary 2006}) 11... Rxc1+ $19 12. Rxc1 Qxb4 13. O-O g5 $1 {[%cal Rg5f4]} ({But not} 13... Qxb2 $6 14. g4 $11) 14. Be5 (14. g4 $17 {was worth a try.} Bd7 15. a3) 14... Bg7 (14... Qxb2 15. Rb1 $1 $17 {[%mdl 512]}) 15. Rc5 (15. g4 {might work better.} Bd7 16. Rc3) 15... a6 ({Don't play} 15... Qxb2 16. Rb1 $19) 16. g4 Be6 17. Rc3 Qxb2 18. Rb3 Qxa2 19. Rxb7 O-O 20. Rbb1 Ne4 (20... Rc8 $142 {Strongly threatening ...Ne4.} 21. Bd3 Qa3) 21. Ra1 Qb2 22. Rfb1 Qc3 23. Rc1 {[#]} Qb2 $2 (23... Bxe5 $1 $19 {[%mdl 512]} 24. Rxc3 (24. dxe5 Qb4) 24... Nxc3) 24. Rcb1 $1 $11 {[%cal Rb1b2]} Qc3 $2 (24... Qc2 $11 25. Rc1 Qb2 26. Rcb1) 25. Rc1 $19 Qb4 26. Rcb1 $1 {[%cal Rb1b4]} Qc3 27. Rc1 {Accuracy: White = 56%, Black = 62%.} 1/2-1/2

[Event "Fredericia IM 2019"]
[Site "Fredericia"]
[Date "2019.05.31"]
[Round "4.4"]
[White "Ahlander, Bjorn"]
[Black "Boe Olsen, Filip"]
[Result "1/2-1/2"]
[WhiteElo "2421"]
[BlackElo "2394"]
[Annotator "TA"]
[PlyCount "147"]
[EventDate "2019.05.29"]
[EventType "tourn"]
[EventCountry "DEN"]
[SourceTitle "playchess.com"]
[Source "ChessBase"]
[SourceQuality "1"]

{[%evp 13,147,7,31,9,19,-6,-14,-56,-62,-51,-51,-53,50,56,31,59,51,0,48,54,64,67,100,65,87,94,140,101,156,110,118,129,119,58,383,60,59,65,71,74,110,19,141,133,142,137,130,124,147,143,133,108,124,104,137,107,788,579,561,547,474,191,166,190,176,176,279,297,284,293,275,291,257,125,121,122,135,124,106,125,119,122,112,79,77,25,49,49,54,43,66,66,67,51,56,0,40,0,0,0,0,0,0,0,0,0,0,0,0,0,0,0,0,0,0,0,0,0,0,0,0,-8,66,0,267,0,0,0,0,0,0,0,0,0,0,0]} 1. d4 Nf6 2. c4 g6 3. Nc3 d5 4. Bg5 Ne4 5. Bh4 Nxc3 6. bxc3 dxc4 7. e3 Be6 8. Qb1 {[%mdl 1024] White has compensation. D80: Grünfeld: Unusual White 4th moves and 4 Bg5} (8. Nf3 Bg7 9. Qb1 b6 10. Ng5 Bd5 11. e4 h6 12. Nh3 Bb7 13. Bxc4 c5 14. Nf4 Qd7 15. e5 e6 16. O-O cxd4 17. Bf6 Bxf6 18. exf6 {0-1 (44) Wei,Y (2736)-Vachier Lagrave,M (2780) Abidjan 2019}) 8... b6 9. Qb5+ c6 $146 ({Predecessor:} 9... Qd7 10. Bxc4 Bxc4 11. Qxc4 Qc6 12. Qxc6+ Nxc6 13. Nf3 Bg7 14. Ke2 O-O 15. d5 Ne5 16. Nxe5 Bxe5 17. Bxe7 {1-0 (35) Banovic,I (2226)-Vucinic,G (2296) Kac 2014}) 10. Qe5 Rg8 11. Qe4 Qd5 12. Qc2 c5 (12... Bf5 $15 13. Qd1 Nd7) 13. e4 $14 Qh5 14. d5 $1 {[%cal Rd5e6]} Bxd5 $1 (14... Qxh4 $2 15. dxe6 fxe6 16. Bxc4 $18) 15. Nf3 ({White should play} 15. Bg3 $1 $14 Bc6 16. Bxc4) 15... Bc6 16. Bxc4 b5 17. Be2 Qg4 18. O-O Qxe4 19. Bd3 (19. Qxe4 Bxe4 20. Bxb5+ Bc6 $11) 19... Qg4 20. h3 Qc8 (20... Qf4 $142) 21. Ne5 {Bxb5! is the strong threat.} c4 22. Be4 Bb7 23. Rfe1 (23. Rfb1 $16 a6 24. Bxb7 Qxb7 25. a4) 23... Nc6 $2 {[%mdl 8192]} (23... Nd7 $1 $14) 24. a4 $2 ({Only move:} 24. Ng4 $1 $18 {[%cal Rg4f6]} Bg7 25. Qd2) 24... Nxe5 25. Bxb7 Qxb7 26. Rxe5 e6 27. Qe2 (27. Rxb5 $16 Qc6 28. Rab1) 27... g5 (27... Be7 $11 28. Rxb5 Qc6 29. Bxe7 Kxe7) 28. Bg3 $16 Rg6 29. Rxb5 Qc6 30. Rab1 Bd6 31. Bxd6 Qxd6 32. Rd1 ({But not} 32. Qxc4 Kf8 $14) 32... Qc7 33. Rd4 Rc8 34. Rb4 $36 {[%cal Rd4c4][%mdl 2048] White is really pushing.} Rf6 $2 {[%mdl 8192]} (34... Ke7 $16 35. Rdxc4 (35. Rbxc4 Qb8 $16) 35... Qd7) 35. Rdxc4 Qd8 {[#]} 36. Rxc8 $1 Qxc8 $18 {[%mdl 4096] Endgame KQR-KQR} 37. Qe5 (37. Qb2 $142 Qc6 38. Rb8+ Kd7 39. Rb7+ Kc8 40. Rxa7) 37... Rf5 38. Qh8+ Kd7 39. Qd4+ ({Stronger than} 39. Qxh7 Qxc3 40. Rb7+ Kc6 $11) 39... Ke7 (39... Rd5 $142 40. Qf6 (40. Qxa7+ Qc7 $14) 40... Ke8) 40. Qxa7+ Kf6 41. Qd4+ Kg6 42. Rb5 Rf4 43. Qe3 (43. Rxg5+ $18 Kxg5 44. Qg7+ {[%mdl 64] Double Attack} Kf5 45. g4+ Rxg4+ 46. hxg4+ Kf4 47. Qxf7+ Kxg4 48. Qxh7) 43... h6 $16 44. Rb4 Rf5 45. Qd3 Kg7 46. Qd4+ Kg6 47. h4 Rd5 48. Qe4+ Kg7 49. Qe3 (49. Qe1 $16) 49... Qc7 {( -> ...Rd1+)} 50. Rd4 Re5 51. Qd2 Rc5 52. hxg5 hxg5 53. Rg4 Qe5 54. Rd4 (54. c4 $14) 54... Qf5 55. f3 Qb1+ 56. Kf2 Qb3 57. Rg4 {Strongly threatening Qd4+.} Kh6 58. Rh4+ Kg6 59. Rg4 Kh6 60. c4 Qxa4 61. Rh4+ Kg6 62. Qd3+ Rf5 63. Rd4 Qa2+ 64. Kg3 Qa1 65. c5 Qe1+ 66. Kh2 {Threatens to win with Re4.} Kg7 {aiming for ...Rf6.} 67. Re4 Qf2 (67... Qa5 $11) 68. Qc3+ ({White should try} 68. c6 $14 Rd5 69. Qc3+ f6 70. c7) 68... Kh7 $2 {[%mdl 8192] [#]} (68... f6 $11) 69. c6 $2 (69. Rc4 $1 $18 {Black must now prevent c6.} g4 70. fxg4) 69... g4 $1 $11 {The position is equal.} 70. fxg4 Qh4+ 71. Kg1 Qf2+ 72. Kh2 Qh4+ $1 73. Kg1 Qf2+ 74. Kh2 {Accuracy: White = 53%, Black = 51%.} 1/2-1/2

[Event "Fredericia IM 2019"]
[Site "Fredericia"]
[Date "2019.05.31"]
[Round "4.5"]
[White "Jacobsen, Mikkel Manosri"]
[Black "Antonsen, Mikkel"]
[Result "1-0"]
[WhiteElo "2319"]
[BlackElo "2423"]
[Annotator "RC"]
[PlyCount "49"]
[EventDate "2019.05.29"]
[EventType "tourn"]
[EventCountry "DEN"]
[SourceTitle "playchess.com"]
[Source "ChessBase"]
[SourceQuality "1"]
[TimeControl "40/5400+30:1800+30"]

1. d4 {[%emt 0:00:00]} d5 {[%emt 0:01:12]} 2. c4 {[%emt 0:00:00]} e6 {[%emt 0:00:10]} 3. Nf3 {[%emt 0:00:00]} Nf6 {[%emt 0:00:07]} 4. e3 {[%emt 0:00:02]} dxc4 {[%emt 0:08:14]} 5. Bxc4 {[%emt 0:00:54]} c5 {[%emt 0:00:09]} 6. O-O {[%emt 0:00:18]} a6 {[%emt 0:00:09]} 7. a4 {[%emt 0:00:05]} Nc6 {[%emt 0:03:06]} 8. Qe2 {[%emt 0:01:09]} cxd4 {[%emt 0:00:23]} 9. Rd1 {[%emt 0:00:12]} Be7 {[%emt 0:00:15]} 10. exd4 {[%emt 0:00:27]} O-O {[%emt 0:00:06]} 11. Nc3 {[%emt 0:00:05]} Nb4 {[%emt 0:00:16]} 12. Ne5 {[%emt 0:03:01]} Nbd5 {[%emt 0:08:06]} 13. Rd3 {[%emt 0:01:34]} Re8 {[%emt 0:04:23]} 14. Rg3 {[%emt 0:05:11]} Bf8 {[%emt 0:03:19]} 15. Bg5 {[%emt 0:01:06]} Qb6 {[%emt 0:08:37]} 16. Bxd5 {[%emt 0:05:32]} Nxd5 {[%emt 0:15:27]} 17. Nxf7 {[%emt 0:01:43]} Qxd4 {[%emt 0:03:14]} 18. Nh6+ {[%emt 0:09:10]} Kh8 {[%emt 0:00:27]} 19. Nxd5 {[%emt 0:00:09]} Qxd5 {[%emt 0:01:58]} 20. Rd1 {[%emt 0:00:17]} Qc6 {[%emt 0:02:24]} 21. Nf7+ {[%emt 0:01:37]} Kg8 {[%emt 0:00:03]} 22. Ne5 {[%emt 0:04:48]} Qc7 {[%emt 0:10:44]} 23. Qh5 {[%emt 0:03:20]} Re7 {[%emt 0:04:46]} 24. Bxe7 {[%emt 0:00:41]} Qxe7 {[%emt 0:00:08]} 25. Rf3 {[%emt 0:01:18]} 1-0

[Event "Fredericia IM 2019"]
[Site "Fredericia"]
[Date "2019.05.31"]
[Round "5.1"]
[White "Olsen, Filip Boe"]
[Black "Vasli, Aref"]
[Result "0-1"]
[WhiteElo "2394"]
[BlackElo "2346"]
[Annotator "ChessBase"]
[PlyCount "70"]
[EventDate "2019.05.29"]
[EventType "tourn"]
[EventCountry "DEN"]
[SourceTitle "playchess.com"]
[Source "ChessBase"]
[SourceQuality "1"]
[TimeControl "40/5400+30:1800+30"]

1. d4 {[%emt 0:00:00]} Nf6 {[%emt 0:00:00]} 2. c4 {[%emt 0:00:00]} g6 {[%emt 0:00:00]} 3. Nc3 {[%emt 0:00:00]} Bg7 {[%emt 0:00:00]} 4. e4 {[%emt 0:00:00]} d6 {[%emt 0:00:00]} 5. h3 {[%emt 0:00:47]} O-O {[%emt 0:00:05]} 6. Be3 {[%emt 0:00:08]} c5 {[%emt 0:01:10]} 7. Nf3 {[%emt 0:00:24]} cxd4 {[%emt 0:06:02]} 8. Nxd4 {[%emt 0:00:21]} b6 {[%emt 0:00:31]} 9. g3 {[%emt 0:04:00]} Bb7 {[%emt 0:02:27]} 10. Bg2 {[%emt 0:00:38]} Nbd7 {[%emt 0:02:09]} 11. O-O {[%emt 0:01:45]} Ne8 {[%emt 0:25:13]} 12. Rc1 {[%emt 0:05:12]} a6 {[%emt 0:00:27]} 13. Qd2 {[%emt 0:02:02]} Rc8 {[%emt 0:00:35]} 14. b3 {[%emt 0:01:21]} e6 {[%emt 0:14:03]} 15. Rfd1 {[%emt 0:07:09]} Qc7 {[%emt 0:03:49]} 16. Nde2 {[%emt 0:10:44]} Qb8 {[%emt 0:01:56]} 17. Na4 {[%emt 0:18:26]} Bc6 {[%emt 0:07:28]} 18. Nac3 {[%emt 0:05:58]} Qa8 {[%emt 0:04:46]} 19. Nd4 {[%emt 0:04:42]} Bb7 {[%emt 0:00:32]} 20. Qe2 {[%emt 0:01:35]} Nef6 {[%emt 0:03:35]} 21. f3 {[%emt 0:01:33]} d5 {[%emt 0:02:38]} 22. cxd5 {[%emt 0:06:30]} exd5 {[%emt 0:00:10]} 23. Nxd5 {[%emt 0:02:03]} Nxd5 {[%emt 0:00:31]} 24. exd5 {[%emt 0:00:37]} Bxd5 {[%emt 0:00:12]} 25. Nc2 {[%emt 0:03:34]} Rfe8 {[%emt 0:07:53]} 26. Qf2 {[%emt 0:03:38]} Ne5 {[%emt 0:05:27]} 27. f4 {[%emt 0:02:15]} Bxg2 {[%emt 0:00:53]} 28. Qxg2 {[%emt 0:00:17]} Nf3+ {[%emt 0:03:07]} 29. Kf2 {[%emt 0:01:15]} Bb2 {[%emt 0:01:09]} 30. Nb4 {[%emt 0:05:48]} Bxc1 {[%emt 0:00:30]} 31. Bxc1 {[%emt 0:00:26]} Qe4 {[%emt 0:00:32]} 32. Qxf3 {[%emt 0:00:30]} Qxb4 {[%emt 0:00:19]} 33. Qd3 {[%emt 0:00:50]} Qc5+ {[%emt 0:01:21]} 34. Be3 {[%emt 0:00:39]} Qc2+ {[%emt 0:00:14]} 35. Kf3 {[%emt 0:00:53]} Rxe3+ {[%emt 0:00:13]} 0-1

[Event "Fredericia IM 2019"]
[Site "Fredericia"]
[Date "2019.05.31"]
[Round "5.2"]
[White "Sorensen, Hampus"]
[Black "Devereaux, Maxim L"]
[Result "1-0"]
[WhiteElo "2343"]
[BlackElo "2342"]
[Annotator "ChessBase"]
[PlyCount "133"]
[EventDate "2019.05.29"]
[EventType "tourn"]
[EventCountry "DEN"]
[SourceTitle "playchess.com"]
[Source "ChessBase"]
[SourceQuality "1"]
[TimeControl "40/5400+30:1800+30"]

1. d4 {[%emt 0:00:00]} Nf6 {[%emt 0:00:00]} 2. c4 {[%emt 0:00:02]} e6 {[%emt 0:00:06]} 3. Nf3 {[%emt 0:01:00]} d5 {[%emt 0:00:15]} 4. Bg5 {[%emt 0:00:44]} h6 {[%emt 0:00:44]} 5. Bxf6 {[%emt 0:00:41]} Qxf6 {[%emt 0:00:13]} 6. g3 {[%emt 0:02:46]} Bb4+ {[%emt 0:03:17]} 7. Nbd2 {[%emt 0:04:06]} c5 {[%emt 0:04:00]} 8. cxd5 {[%emt 0:05:07]} exd5 {[%emt 0:00:48]} 9. a3 {[%emt 0:01:24]} Bxd2+ {[%emt 0:09:36]} 10. Qxd2 {[%emt 0:00:11]} c4 {[%emt 0:02:11]} 11. Bg2 {[%emt 0:02:21]} Nc6 {[%emt 0:01:56]} 12. O-O {[%emt 0:03:21]} O-O {[%emt 0:00:42]} 13. Rad1 {[%emt 0:04:50]} Be6 {[%emt 0:04:02]} 14. Qc3 {[%emt 0:05:18]} Rfd8 {[%emt 0:02:49]} 15. Ne5 {[%emt 0:02:03]} Qe7 {[%emt 0:08:27]} 16. Rfe1 {[%emt 0:07:04]} Nxe5 {[%emt 0:09:32]} 17. dxe5 {[%emt 0:00:28]} b5 {[%emt 0:00:11]} 18. Qa5 {[%emt 0:09:04]} Rab8 {[%emt 0:02:26]} 19. Rd4 {[%emt 0:03:56]} f6 {[%emt 0:25:28]} 20. exf6 {[%emt 0:01:43]} Qxf6 {[%emt 0:00:05]} 21. e3 {[%emt 0:02:58]} Kh8 {[%emt 0:02:06]} 22. Red1 {[%emt 0:02:40]} Rf8 {[%emt 0:05:44]} 23. R1d2 {[%emt 0:02:36]} Qf5 {[%emt 0:00:42]} 24. Qc3 {[%emt 0:05:42]} Qb1+ {[%emt 0:05:33]} 25. Rd1 {[%emt 0:00:26]} Qf5 {[%emt 0:00:58]} 26. Qe1 {[%emt 0:01:15]} Qf6 {[%emt 0:00:59]} 27. h4 {[%emt 0:02:08]} a5 {[%emt 0:00:40]} 28. Qe2 {[%emt 0:06:06]} b4 {[%emt 0:01:50]} 29. axb4 {[%emt 0:00:25]} axb4 {[%emt 0:00:56]} 30. Bxd5 {[%emt 0:02:49]} Bxd5 {[%emt 0:00:46]} 31. Rxd5 {[%emt 0:00:02]} c3 {[%emt 0:00:20]} 32. Rc5 {[%emt 0:06:21]} Rbd8 {[%emt 0:01:33]} 33. Rxd8 {[%emt 0:04:22]} Rxd8 {[%emt 0:00:07]} 34. bxc3 {[%emt 0:00:11]} bxc3 {[%emt 0:00:11]} 35. Qc4 {[%emt 0:01:08]} Qf8 {[%emt 0:03:38]} 36. Kg2 {[%emt 0:02:48]} Qe8 {[%emt 0:01:08]} 37. Rc7 {[%emt 0:02:00]} Qg6 {[%emt 0:01:30]} 38. Rc8 {[%emt 0:00:59]} Rxc8 {[%emt 0:00:26]} 39. Qxc8+ {[%emt 0:00:03]} Kh7 {[%emt 0:00:06]} 40. Qxc3 {[%emt 0:00:08]} Qe4+ {[%emt 0:00:06]} 41. f3 {[%emt 0:31:10]} Qb1 {[%emt 0:30:16]} 42. Qd2 {[%emt 0:00:08]} Kg8 {[%emt 0:00:42]} 43. e4 {[%emt 0:00:27]} Qa1 {[%emt 0:00:32]} 44. f4 {[%emt 0:00:26]} Qa4 {[%emt 0:00:48]} 45. Qe2 {[%emt 0:00:10]} Qd4 {[%emt 0:01:24]} 46. Kh2 {[%emt 0:00:16]} Kf8 {[%emt 0:00:30]} 47. e5 {[%emt 0:02:27]} Ke7 {[%emt 0:00:00]} 48. Qf3 {[%emt 0:00:00]} Qb2+ {[%emt 0:00:00]} 49. Kh3 {[%emt 0:00:00]} Qb1 {[%emt 0:00:00]} 50. f5 {[%emt 0:00:00]} Qb2 {[%emt 0:00:00]} 51. f6+ {[%emt 0:00:00]} gxf6 {[%emt 0:00:00]} 52. Qxf6+ {[%emt 0:00:00]} Ke8 {[%emt 0:00:00]} 53. Qe6+ {[%emt 0:00:00]} Kd8 {[%emt 0:00:00]} 54. Qd6+ {[%emt 0:00:00]} Ke8 {[%emt 0:00:00]} 55. e6 {[%emt 0:00:00]} Qf6 {[%emt 0:00:00]} 56. Qd7+ {[%emt 0:00:00]} Kf8 {[%emt 0:00:00]} 57. e7+ {[%emt 0:00:00]} Qxe7 {[%emt 0:00:00]} 58. Qxe7+ {[%emt 0:00:00]} Kxe7 {[%emt 0:00:00]} 59. g4 {[%emt 0:00:00]} Kf6 {[%emt 0:00:00]} 60. Kg3 {[%emt 0:00:00]} Ke6 {[%emt 0:00:00]} 61. Kf3 {[%emt 0:00:00]} Kf7 {[%emt 0:00:00]} 62. Ke2 {[%emt 0:00:00]} Ke6 {[%emt 0:00:00]} 63. Kd3 {[%emt 0:00:00]} Kd5 {[%emt 0:00:00]} 64. Ke3 {[%emt 0:00:00]} Ke5 {[%emt 0:00:00]} 65. Kf3 {[%emt 0:00:00]} Ke6 {[%emt 0:00:00]} 66. Ke4 {[%emt 0:00:00]} Kf6 {[%emt 0:00:00]} 67. Kd5 {[%emt 0:00:00]} 1-0

[Event "Fredericia IM 2019"]
[Site "Fredericia"]
[Date "2019.05.31"]
[Round "5.3"]
[White "Pedersen, Nicolai Kvist Brondt"]
[Black "Jacobsen, Mikkel Manosri"]
[Result "0-1"]
[WhiteElo "2325"]
[BlackElo "2319"]
[Annotator "ChessBase"]
[PlyCount "116"]
[EventDate "2019.05.29"]
[EventType "tourn"]
[EventCountry "DEN"]
[SourceTitle "playchess.com"]
[Source "ChessBase"]
[SourceQuality "1"]
[TimeControl "40/5400+30:1800+30"]

1. Nf3 {[%emt 0:00:00]} Nf6 {[%emt 0:00:00]} 2. c4 {[%emt 0:00:00]} e6 {[%emt 0:00:00]} 3. d4 {[%emt 0:00:00]} d5 {[%emt 0:00:00]} 4. g3 {[%emt 0:00:00]} Bb4+ {[%emt 0:00:00]} 5. Bd2 {[%emt 0:00:01]} Be7 {[%emt 0:00:00]} 6. Bg2 {[%emt 0:00:03]} O-O {[%emt 0:00:00]} 7. O-O {[%emt 0:00:04]} Nbd7 {[%emt 0:00:08]} 8. Qc2 {[%emt 0:00:34]} Ne4 {[%emt 0:00:04]} 9. Nc3 {[%emt 0:00:18]} Nxd2 {[%emt 0:00:04]} 10. Nxd2 {[%emt 0:00:08]} c6 {[%emt 0:00:04]} 11. Rfd1 {[%emt 0:00:38]} f5 {[%emt 0:00:29]} 12. e3 {[%emt 0:00:54]} g5 {[%emt 0:00:21]} 13. Ne2 {[%emt 0:05:36]} a5 {[%emt 0:05:07]} 14. Nf3 {[%emt 0:11:15]} Bd6 {[%emt 0:09:23]} 15. a3 {[%emt 0:03:15]} Qf6 {[%emt 0:04:47]} 16. Rab1 {[%emt 0:19:30]} Rb8 {[%emt 0:08:51]} 17. Qa4 {[%emt 0:09:08]} Nb6 {[%emt 0:01:55]} 18. Qxa5 {[%emt 0:00:47]} Nxc4 {[%emt 0:00:06]} 19. Qc3 {[%emt 0:01:26]} Bd7 {[%emt 0:03:45]} 20. a4 {[%emt 0:11:33]} b5 {[%emt 0:03:05]} 21. b3 {[%emt 0:08:08]} Na3 {[%emt 0:01:38]} 22. Rbc1 {[%emt 0:01:06]} bxa4 {[%emt 0:00:45]} 23. Ne5 {[%emt 0:01:23]} Bxe5 {[%emt 0:07:12]} 24. dxe5 {[%emt 0:00:02]} Qe7 {[%emt 0:00:07]} 25. bxa4 {[%emt 0:00:31]} Nc4 {[%emt 0:00:13]} 26. Rb1 {[%emt 0:07:39]} c5 {[%emt 0:03:17]} 27. a5 {[%emt 0:06:11]} Bc6 {[%emt 0:02:04]} 28. a6 {[%emt 0:01:58]} Rxb1 {[%emt 0:01:36]} 29. Rxb1 {[%emt 0:00:01]} Ra8 {[%emt 0:00:25]} 30. e4 {[%emt 0:03:05]} fxe4 {[%emt 0:03:25]} 31. Bxe4 {[%emt 0:00:20]} Qc7 {[%emt 0:00:55]} 32. f4 {[%emt 0:04:58]} Rxa6 {[%emt 0:05:48]} 33. Bd3 {[%emt 0:00:11]} Ra4 {[%emt 0:04:46]} 34. Qc1 {[%emt 0:02:32]} Na3 {[%emt 0:01:58]} 35. Ra1 {[%emt 0:00:52]} Qa7 {[%emt 0:00:17]} 36. Bb1 {[%emt 0:03:04]} c4+ {[%emt 0:08:35]} 37. Kf1 {[%emt 0:00:06]} Qc5 {[%emt 0:00:04]} 38. f5 {[%emt 0:00:39]} h6 {[%emt 0:00:51]} 39. Qb2 {[%emt 0:00:46]} Rb4 {[%emt 0:02:50]} 40. Qd4 {[%emt 0:00:35]} Qxd4 {[%emt 0:01:54]} 41. Nxd4 {[%emt 0:30:02]} Rxb1+ {[%emt 0:30:05]} 42. Rxb1 {[%emt 0:00:05]} Nxb1 {[%emt 0:00:03]} 43. Nxc6 {[%emt 0:00:19]} exf5 {[%emt 0:00:28]} 44. Ke2 {[%emt 0:00:00]} Nc3+ {[%emt 0:00:00]} 45. Ke3 {[%emt 0:00:00]} Nb5 {[%emt 0:00:00]} 46. Ne7+ {[%emt 0:00:00]} Kf7 {[%emt 0:00:00]} 47. Nxf5 {[%emt 0:00:00]} h5 {[%emt 0:00:00]} 48. h4 {[%emt 0:00:00]} gxh4 {[%emt 0:00:00]} 49. gxh4 {[%emt 0:00:00]} Ke6 {[%emt 0:00:00]} 50. Ng7+ {[%emt 0:00:00]} Kxe5 {[%emt 0:00:00]} 51. Nxh5 {[%emt 0:00:00]} d4+ {[%emt 0:00:00]} 52. Kd2 {[%emt 0:00:00]} Nd6 {[%emt 0:00:00]} 53. Ng7 {[%emt 0:01:45]} Ne4+ {[%emt 0:00:00]} 54. Kd1 {[%emt 0:02:51]} d3 {[%emt 0:00:00]} 55. h5 {[%emt 0:00:45]} c3 {[%emt 0:00:00]} 56. h6 {[%emt 0:00:22]} Nf2+ {[%emt 0:00:00]} 57. Ke1 {[%emt 0:00:08]} d2+ {[%emt 0:00:00]} 58. Kxf2 {[%emt 0:00:06]} d1=Q {[%emt 0:00:00]} 0-1

[Event "Fredericia IM 2019"]
[Site "Fredericia"]
[Date "2019.05.31"]
[Round "5.4"]
[White "Easwaralingam, Adesh"]
[Black "Fries-Nielsen, Niels Jorgen"]
[Result "1/2-1/2"]
[WhiteElo "2123"]
[BlackElo "2328"]
[Annotator "ChessBase"]
[PlyCount "27"]
[EventDate "2019.05.29"]
[EventType "tourn"]
[EventCountry "DEN"]
[SourceTitle "playchess.com"]
[Source "ChessBase"]
[SourceQuality "1"]
[TimeControl "40/5400+30:1800+30"]

1. e4 {[%emt 0:00:00]} e5 {[%emt 0:00:12]} 2. Nf3 {[%emt 0:00:00]} Nf6 {[%emt 0:00:27]} 3. Nxe5 {[%emt 0:00:00]} d6 {[%emt 0:00:10]} 4. Nf3 {[%emt 0:00:00]} Nxe4 {[%emt 0:00:04]} 5. Nc3 {[%emt 0:00:13]} Nf6 {[%emt 0:00:22]} 6. d4 {[%emt 0:00:27]} d5 {[%emt 0:00:15]} 7. Bg5 {[%emt 0:00:24]} c6 {[%emt 0:00:12]} 8. Be2 {[%emt 0:00:31]} Be7 {[%emt 0:00:29]} 9. Bf4 {[%emt 0:00:13]} Nh5 {[%emt 0:00:38]} 10. Bd2 {[%emt 0:00:36]} Nf6 {[%emt 0:00:19]} 11. Bf4 {[%emt 0:00:07]} Nh5 {[%emt 0:00:04]} 12. Bd2 {[%emt 0:00:06]} Nf6 {[%emt 0:00:02]} 13. Bf4 {[%emt 0:00:06]} Nh5 {[%emt 0:00:03]} 14. Bd2 {[%emt 0:00:09]} 1/2-1/2